| 000 -LEADER | |
|---|---|
| fixed length control field | 00458nam a22001697a 4500 |
| 005 - DATE AND TIME OF LATEST TRANSACTION | |
| control field | 20160622105108.0 |
| 008 - FIXED-LENGTH DATA ELEMENTS--GENERAL INFORMATION | |
| fixed length control field | 160622b xxu||||| |||| 00| 0 eng d |
| 020 ## - INTERNATIONAL STANDARD BOOK NUMBER | |
| ISBN | 81-219-0883-3 |
| 041 ## - LANGUAGE CODE | |
| Language code of text/sound track or separate title | eng |
| 082 ## - DEWEY DECIMAL CLASSIFICATION NUMBER | |
| Item number | 9125 |
| 100 ## - MAIN ENTRY--AUTHOR NAME | |
| Personal name | Dara, Dr S.S and Mishra Dr. D.D. |
| 245 ## - TITLE STATEMENT | |
| Title | A Text Book of Environmental Chemistry and Pollution Control |
| 260 ## - PUBLICATION, DISTRIBUTION, ETC. (IMPRINT) | |
| Place of publication | New Delhi |
| Name of publisher | Sultan Chand & Sons, |
| 300 ## - PHYSICAL DESCRIPTION | |
| Number of Pages | 499 |
| 650 ## - SUBJECT ADDED ENTRY--TOPICAL TERM | |
| Topical Term | Management |
| 942 ## - ADDED ENTRY ELEMENTS (KOHA) | |
| Koha item type | Books |
| Lost status | Damaged status | Collection code | Home library | Current library | Shelving location | Date acquired | Source of acquisition | Cost, normal purchase price | Accession Number | Koha item type | Full call number |
|---|---|---|---|---|---|---|---|---|---|---|---|
| Reference | JRU Library | SHELF -72- F | 22/06/2016 | PURCHASE | 225.00 | 9125 | Books | ||||
| MANAGEMENT | JRU Library | JRU Library | SHELF-50-E | 22/06/2016 | PURCHASE | 225.00 | 9126 | Books | 9125 | ||
| MANAGEMENT | JRU Library | JRU Library | SHELF-50-E | 22/06/2016 | PURCHASE | 225.00 | 9127 | Books | 9125 | ||
| MANAGEMENT | JRU Library | JRU Library | SHELF-50-E | 22/06/2016 | 225.00 | 9128 | Books | 9125 | |||
| MANAGEMENT | JRU Library | JRU Library | SHELF-50-E | 22/06/2016 | PURCHASE | 225.00 | 9129 | Books | 9125 |